LEADER 01136nam a2200241 i 4500 001 000000232347 003 CaOOAMICUS 005 20140826000000.0 008 140826s1954 it u000 u fre u 013 $a211250 040 $aSeMil$bita 100 1 $aVaganay, L.$0(OLS)http://semarc/name/79794 245 13$aLe problème synoptique :$bune hypothèse de travail /$cpar L. Vaganay ; préface de L. Cerfaux. 260 $aTournai (Belg.) :$bDesclée & Cie,$ccopyr. 1954. 300 $aXXII, 474 p. ;$c24 cm. 490 0 $aBibliothèque de théologie. Série 3. Théologie biblique ;$v1. 650 4$aBibbia - Sinossi.$0(OLS)http://semarc/subject/30630 700 1 $aCerfaux, Lucien <1883-1968>.$0(OLS)http://semarc/name/4185 830 0$aBibliothèque de théologie. Série 3. Théologie biblique ;$v1.$0(OLS)http://semarc/title/20049 850 $aSeMil 852 $aSeMil$W1$xVenegono$y1$m2Z IV 68$j182693$B182693$CSeMilBibl$Z2$F193715 $81 996 $6245$aLe problème synoptique :$bune hypothèse de travail$9(OLS)http://semarc/title/331552 996 $6260$aTournai (Belg.) :$bDesclée & Cie$9(OLS)http://semarc/publisher/33979 LEADER 01366nam a2200289 i 4500 001 000000120986 003 CaOOAMICUS 005 20031203000000.0 008 031203s1994 it u000 u ita u 013 $a93680 020 $a88-8079-018-8 040 $aSeMil$bita 100 1 $aBergamo, Maurizio.$0(OLS)http://semarc/name/50311 245 10$aSpazi celebrativi, figurazione architettonica, simbolismo liturgico :$bricerca per una chiesa contemporanea dopo il Concilio Vaticano 2. /$cMaurizio Bergamo. 260 $aVenezia :$bIl Cardo,$c1994. 300 $a164 p. :$briccamente ill. ;$c30x30 cm. 490 0 $aAnfione Zeto. Quaderni di architettura 500 $aFondo Card. C.M. Martini. 650 4$aArchitettura sacra - Simbolismo.$0(OLS)http://semarc/subject/22834 830 0$aAnfione Zeto. Quaderni di architettura.$0(OLS)http://semarc/title/14057 850 $aSeMil 852 $aSeMil$W1$xVenegono$y1$m5I XII 58$j76112$B76112$CSeMilBibl$Z2$F82124 $81 941 1 $a4 961 $aOmaggio: Martini Card. Carlo Maria 996 $6020$a88-8079-018-8$9(OLS)http://semarc/number/106331 996 $6245$aSpazi celebrativi, figurazione architettonica, simbolismo liturgico :$bricerca per una chiesa contemporanea dopo il Concilio Vaticano 2.$9(OLS)http://semarc/title/178087 996 $6260$aVenezia :$bIl Cardo$9(OLS)http://semarc/publisher/31110